AMERICA PELIGRA : (Registro nro. 13090)
[ vista simple ]
| 000 -LEADER | |
|---|---|
| fixed length control field | 00504nam a2200169 a 4500 |
| 001 - CONTROL NUMBER | |
| control field | 13090 |
| 005 - DATE AND TIME OF LATEST TRANSACTION | |
| control field | 20180713201429.0 |
| 008 - FIXED-LENGTH DATA ELEMENTS--GENERAL INFORMATION | |
| fixed length control field | 140415s1995 mx 000 0 spa d |
| 041 ## - LANGUAGE CODE | |
| Language code of text/sound track or separate title | spa |
| 082 ## - DEWEY DECIMAL CLASSIFICATION NUMBER | |
| Classification number | 980 |
| Item number | BOR |
| 100 1# - MAIN ENTRY--PERSONAL NAME | |
| Personal name | BORREGO E., SALVADOR |
| 245 10 - TITLE STATEMENT | |
| Title | AMERICA PELIGRA : |
| Remainder of title | 500 AÑOS DE AZAROSA HISTORIA |
| 250 ## - EDITION STATEMENT | |
| Edition statement | 18ed. |
| 260 ## - PUBLICATION, DISTRIBUTION, ETC. | |
| Place of publication, distribution, etc. | MEXICO : |
| Name of publisher, distributor, etc. | TIPOGRAFIAS EDITORIALES, |
| Date of publication, distribution, etc. | 1995 |
| 300 ## - PHYSICAL DESCRIPTION | |
| Extent | 573 |
| 650 14 - SUBJECT ADDED ENTRY--TOPICAL TERM | |
| Topical term or geographic name entry element | AMERICA LATINA |
| General subdivision | HISTORIA |
| -- | AMERICA |
| -- | DESCUBRIMIENTO Y EXPLORACIONES |
| Withdrawn status | Lost status | Source of classification or shelving scheme | Damaged status | Not for loan | Collection code | Home library | Current library | Shelving location | Date acquired | Source of acquisition | Inventory number | Total Checkouts | Full call number | Barcode | Date last seen | Date last checked out | Price effective from | Koha item type |
|---|---|---|---|---|---|---|---|---|---|---|---|---|---|---|---|---|---|---|
| Dewey Decimal Classification | General | Biblioteca Karol Wojtyla | Biblioteca Karol Wojtyla | Sala general | 03/12/2013 | Compra | 151000000000000000038376 | 1 | 980 BOR | 29822 | 05/01/2026 | 09/10/2014 | 03/12/2013 | Libro |